Statistics for Haritada Türkiye’nin En Büyük Şehirleri

Click here to take the quiz!

General Stats

  • This quiz has been taken 3 177 times
    (3 046 since last reset)
  • The average score is 16 of 20

Answers on the Map

Answers color-coded by a green-red scale on the quiz's map according to % correct below.
 

Answer Stats

NüfusKent% Correct
15.1 mİstanbul
100%
5.04 mAnkara
99%
2.96 mİzmir
98%
1.30 mKonya
98%
1.24 mAntalya
97%
1.74 mAdana
92%
1.97 mBursa
92%
996 kMersin
87%
497 kVan
87%
577 kŞanlıurfa
84%
1.67 mGaziantep
82%
617 kSamsun
82%
765 kEskişehir
76%
1.04 mDiyarbakır
75%
525 kSakarya
74%
538 kKahramanmaraş
73%
623 kDenizli
70%
955 kKayseri
66%
475 kMalatya
61%
708 kGebze
25%

Score Distribution

Percentile by Number Answered

Percent of People with Each Score

Your Score History

You have not taken this quiz since the last reset